Manualidades con materiales textiles (Record no. 21760)

MARC details
000 -LEADER
campo de control de longitud fija 00691nmc a2200277 a 4500
003 - IDENTIFICADOR DE NÚMERO DE CONTROL
campo de control AR-X00000XO
005 - FECHA Y HORA DE LA ÚLTIMA TRANSACCIÓN
campo de control 20251128211941.0
008 - DATOS DE LONGITUD FIJA--INFORMACIÓN GENERAL
campo de control de longitud fija 177020s1980 ||||||||||||||000 | spa||
020 ## - NÚMERO INTERNACIONAL ESTÁNDAR DEL LIBRO
Número Internacional Estándar del Libro 0237-44978-1
040 ## - FUENTE DE CATALOGACIÓN
Centro/agencia transcriptor AR-X00000XO
245 10 - MENCIÓN DEL TÍTULO
Título Manualidades con materiales textiles
260 ## - PUBLICACIÓN, DISTRIBUCIÓN, ETC.
Lugar de publicación, distribución, etc. Barcelona
Nombre del editor, distribuidor, etc. CEAC
Fecha de publicación, distribución, etc. 1980
300 0# - DESCRIPCIÓN FÍSICA
Extensión 54 p.
Otros detalles físicos il., láms.
490 #0 - MENCIÓN DE SERIE
Mención de serie Nuevas ideas
650 #4 - PUNTO DE ACCESO ADICIONAL DE MATERIA--TÉRMINO DE MATERIA
Término de materia o nombre geográfico como elemento de entrada ARTESANIAS
650 #4 - PUNTO DE ACCESO ADICIONAL DE MATERIA--TÉRMINO DE MATERIA
Término de materia o nombre geográfico como elemento de entrada EDUCACION ARTISTICA
650 #4 - PUNTO DE ACCESO ADICIONAL DE MATERIA--TÉRMINO DE MATERIA
Término de materia o nombre geográfico como elemento de entrada ARTES TEXTILES
653 #0 - TÉRMINO DE INDIZACIÓN--NO CONTROLADO
Término no controlado MANUALIDADES
700 1# - ENTRADA AGREGADA--NOMBRE PERSONAL
Nombre de persona Holder, Elizabeth
700 1# - ENTRADA AGREGADA--NOMBRE PERSONAL
Nombre de persona Seyd, Mary
700 1# - ENTRADA AGREGADA--NOMBRE PERSONAL
Nombre de persona Topham, Catherine
700 1# - ENTRADA AGREGADA--NOMBRE PERSONAL
Nombre de persona Tyler, Mabs
700 1# - ENTRADA AGREGADA--NOMBRE PERSONAL
Nombre de persona Wigg, Dora
942 ## - ELEMENTOS DE ENTRADA SECUNDARIOS (KOHA)
Tipo de ítem Koha Libros
998 ## - INFORMACIÓN DE CONTROL LOCAL (RLIN)
Iniciales del catalogador, CIN (RLIN) alexandra
Holdings
Estatus retirado Estado de pérdida Fuente de la clasificación o esquema de estantería Estado de daño Restricciones de uso No para préstamo Biblioteca de origen Biblioteca actual Fecha de adquisición Total de préstamos Signatura topográfica completa Código de barras Visto por última vez Precio de reemplazo Tipo de ítem Koha
    Clasificación Decimal Dewey   Acceso restringido No para préstamo Liberty Liberty 28/11/2025   371.38 HOL 136740 28/11/2025 28/11/2025 Libros